Click 100 Geographic Features on a World Map - Statistics

General Stats
  • This quiz has been taken 5,340 times
  • The average score is 64 of 100
Answers on the Map
Answers color-coded by a green-red scale on the quiz's map according to % correct below.
 
Answer Stats
Answer % Correct
Great Britain
86%
Greenland
86%
Ireland
86%
Alps
85%
Gulf of Mexico
85%
Taiwan
85%
Himalayas
84%
Iceland
82%
Strait of Gibraltar
82%
Baja California peninsula
81%
Sahara Desert
81%
Sicily
81%
Sri Lanka
81%
Tasmania
81%
Baltic Sea
80%
Hawaiʻi Island
80%
Black Sea
79%
Iberian Peninsula
79%
Andes
78%
Crete
78%
New Guinea
78%
Lake Malawi
77%
Persian Gulf
77%
Bay of Bengal
76%
Horn of Africa
76%
Caspian Sea
75%
Galápagos Islands
75%
Lake Michigan
75%
Lake Victoria
75%
Falkland Islands
74%
Red Sea
74%
Gulf of Alaska
73%
Gulf of Thailand
73%
Lake Superior
73%
Nile Delta
73%
Comoros
72%
Hispaniola
72%
North Sea
71%
Pyrenees
71%
Borneo
70%
Fiji
70%
Lake Baikal
70%
Yucatán Peninsula
70%
Appalachian Mountains
69%
Mount Everest
69%
Adriatic Sea
68%
Faroe Islands
68%
Hokkaido
68%
Honshu
68%
Java
68%
Vancouver Island
68%
Cape of Good Hope
67%
Gulf of California
67%
Rocky Mountains
67%
Lake Winnipeg
66%
Arabian Sea
65%
Gulf of Guinea
64%
Hudson Bay
64%
Newfoundland (island)
64%
Sumatra
63%
Amazon River Delta
62%
Caucasus Mountains
62%
Kamchatka Peninsula
62%
Canary Islands
61%
Bering Strait
60%
Mount Kilimanjaro
60%
Azores
58%
Baffin Island
58%
Atlas Mountains
57%
Kalahari Desert
57%
Bay of Biscay
56%
Mojave Desert
56%
Tierra del Fuego
55%
Gobi Desert
54%
Hainan Island
54%
Yellow Sea
54%
Great Barrier Reef
52%
Strait of Hormuz
52%
Ganges Delta
51%
Gulf of St. Lawrence
51%
Río de la Plata (estuary)
51%
Gulf of Aden
50%
Luzon
50%
Lake Tanganyika
49%
Sea of Okhotsk
49%
Sulawesi
49%
New Caledonia
45%
Sakhalin
45%
Aral Sea
44%
Sea of Azov
43%
Lake Maracaibo
42%
Socotra
40%
Cape York Peninsula
36%
Southern Alps
35%
Pearl River Delta
33%
Great Bear Lake
32%
Great Dividing Range
31%
Guadeloupe
29%
White Sea
25%
Gulf of Carpentaria
24%
No matching quizzes found
Score Distribution
Percent of People with Each Score
Percentile by Number Answered
Your Score History
You have not taken this quiz